Riconosci il Pokémon - Quiz n°276 - Statistics

Statistiche generali
  • Questo quiz è stato fatto 4 volte
  • Il punteggio medio è 7 su 10
Statistiche sulle risposte
Indizio Risposta % Corretto
Generazione Seconda
100%
Tipo Spettro
100%
Altezza 0,7 m
75%
Sesso 50% ♂, 50% ♀
75%
Stadio evoluzione Forma Base
75%
Abilità Levitazione
75%
Peso 1,0 kg
50%
Tasso di cattura 45 (11.9%)
50%
Pokémon Misdreavus
50%
Tasso di allevamento Veloce
50%
Nessun quiz corrispondente trovato
Distribuzione punteggi
Percentuale di utenti per punteggio
Percentile per numero di risposta
I tuoi punteggi nel tempo
Non hai fatto questo quiz